Utunyounga Ndimi/ (Record no. 1407)

MARC details
000 -LEADER
fixed length control field 00499nam a22001937a 4500
003 - CONTROL NUMBER IDENTIFIER
control field OSt
005 - DATE AND TIME OF LATEST TRANSACTION
control field 20240718131514.0
008 - FIXED-LENGTH DATA ELEMENTS--GENERAL INFORMATION
fixed length control field 240718b |||||||| |||| 00| 0 eng d
020 ## - INTERNATIONAL STANDARD BOOK NUMBER
International Standard Book Number 9789982670906
040 ## - CATALOGING SOURCE
Original cataloging agency KMU
Language of cataloging eng
Transcribing agency KMU
Modifying agency KMU
Description conventions rda
050 ## - LIBRARY OF CONGRESS CALL NUMBER
Classification number DT431.Z3
Item number .K36
100 ## - MAIN ENTRY--PERSONAL NAME
Personal name Kapwepwe, S.M
245 ## - TITLE STATEMENT
Title Utunyounga Ndimi/
Statement of responsibility, etc. Simon Mwansa Kapwepwe
260 ## - PUBLICATION, DISTRIBUTION, ETC.
Place of publication, distribution, etc. Lusaka:
Name of publisher, distributor, etc. Marvel Publishers,
Date of publication, distribution, etc. 2020.
300 ## - PHYSICAL DESCRIPTION
Extent iv, 39p.:
Dimensions 20 cm.
650 ## - SUBJECT ADDED ENTRY--TOPICAL TERM
Topical term or geographic name entry element Parables.
650 ## - SUBJECT ADDED ENTRY--TOPICAL TERM
Topical term or geographic name entry element Bemba
942 ## - ADDED ENTRY ELEMENTS (KOHA)
Source of classification or shelving scheme Library of Congress Classification
Koha item type Fiction
Suppress in OPAC No
Holdings
Withdrawn status Lost status Source of classification or shelving scheme Damaged status Not for loan Collection Home library Current library Shelving location Date acquired Source of acquisition Total Checkouts Full call number Barcode Date last seen Price effective from Koha item type
    Library of Congress Classification     Fiction Kapasa Makasa University Kapasa Makasa University Special Collection 18.07.2024 Purchase   ZAM DT431.Z3 K36 Kap 300876 18.07.2024 18.07.2024 Fiction
    Library of Congress Classification     Fiction Kapasa Makasa University Kapasa Makasa University Open Access 18.07.2024 Purchase   ZAM DT431.Z3 K36 Kap 300865 19.02.2026 18.07.2024 Fiction
    Library of Congress Classification     Fiction Kapasa Makasa University Kapasa Makasa University Special Collection 18.07.2024 Purchase   DT431.Z3 K36 Kap 300866 18.07.2024 18.07.2024 Fiction